Detalles MARC
| 000 -ENCABEZADO |
| Número de control [NR] |
02401cam a2200433 i 4500 |
| 001 - NÚMERO DE CONTROL |
| control field |
ocn992747093 |
| 005 - FECHA Y HORA DE LA ÚLTIMA TRANSACCIÓN |
| control field |
20180712081415.0 |
| 008 - DE LONGITUD FIJA DE DATOS DE ELEMENTOS - INFORMACIÓN GENERAL |
| Elementos de longitud fija [NR] |
180712s2017 sz a b 001 0 eng |
| 010 ## - NUMERO DE CONTROL DE LA BIBLIOTECA DEL CONGRESO (LC) [NR] |
| Número de control LC [NR] |
2017949462 |
| 016 7# - NUMERO DE CONTROL DE AGENCIA BIBLIOGRAFICA NACIONAL [R] |
| Número de control [NR] |
101725755 |
| Fuente [NR] |
DNLM |
| 020 ## - NUMERO INTERNACIONAL NORMALIZADO PARA LIBROS [R] |
| Número Internacional Normalizado del libro [NR] |
9783319644462 |
| 020 ## - NUMERO INTERNACIONAL NORMALIZADO PARA LIBROS [R] |
| Número Internacional Normalizado del libro [NR] |
3319644467 |
| 020 ## - NUMERO INTERNACIONAL NORMALIZADO PARA LIBROS [R] |
| ISBN Cancelado/ Invalidado [R] |
9783319644479 |
| 029 0# - OTRO SISTEMA DE NÚMERO DE CONTROL (OCLC) |
| OCLC library identifier |
NLM |
| System control number |
101725755 |
| 035 ## - NUMERO DE CONTROL DEL SISTEMA [R] |
| Número de control del sistema [NR] |
(OCoLC)992747093 |
| Numero Cancelado/no válido [R] |
(OCoLC)992780540 |
| -- |
(OCoLC)1005963917 |
| 040 ## - FUENTE DE CATALOGACION [NR] |
| Agencia de catalogación original [NR] |
Co-BoUCM |
| Idioma de catalogación [NR] |
spa |
| Quien Cataloga |
Saul Niño |
| Quien Clasifica |
Saul Niño |
| 041 0# - CODIGO DE IDIOMA [R] |
| Código de idioma para texto/pista de sonido o título separado [R] |
Inglés |
| 060 10 - SIGNATURA TOPOGRAFICA DE LA BIBLIOTECA NACIONAL DE MEDICINA (NLM) [R] |
| Número clasificador [R] |
BF 311 |
| 100 1# - ASIENTO PRINCIPAL--NOMBRE PERSONAL [NR] |
| Nombre personal [NR] |
Manrique, Héctor M. |
| Fechas asociadas con el nombre [NR] |
1976- |
| ID Autoridad |
93013 |
| 245 10 - MENCION DE TITULO [NR] |
| Título [NR] |
Early evolution of human memory |
| Parte restante del título [NR] |
great apes, tool-making, and cognition |
| Mención de responsabilidad, etc. [NR] |
Héctor M. Manrique, Michael J. Walker |
| 260 ## - PUBLICACION, DISTRIBUCION, ETC. (PIE DE IMPRENTA) [R] |
| Lugar de publicación, distribución, etc. [R] |
Switzerland |
| Nombre del editor, distribuidor, etc. [R] |
Palgrave macmillan |
| Fecha de publicación, distribución, etc. [R] |
2017 |
| 300 ## - DESCRIPCION FISICA [R] |
| Extensión [R] |
xv, 150 páginas |
| Otros detalles físicos [NR] |
ilustraciones |
| 490 0# - MENCION DE SERIE [R] |
| Mención de serie [R] |
Palgrave pivot |
| 500 ## - NOTA GENERAL [R] |
| Nota general [NR] |
"This Palgrave Macmillan imprint is published by Springer Nature"--Title page verso. |
| 505 0# - NOTA DE CONTENIDO CON FORMATO PREESTABLECIDO [R] |
| Nota de contenido con formato preestablecido [NR] |
What this book is about -- Tool-use by great-apes in the wild -- Great apes, tools, and cognition -- Early tool-making and the evolution of human memory systems in the brain -- Concluding remarks. |
| 520 8# - NOTA DE RESUMEN, ETC. [R] |
| Nota de sumario, etc. [NR] |
This work examines the cognitive capacity of great apes in order to better understand early man and the importance of memory in the evolutionary process. It synthesizes research from comparative cognition, neuroscience, primatology as well as lithic archaeology, reviewing findings on the cognitive ability of great apes to recognize the physical properties of an object and then determine the most effective way in which to manipulate it as a tool to achieve a specific goal. The authors argue that apes (Hominoidea) lack the human cognitive ability of imagining how to blend reality, which requires drawing on memory in order to envisage alternative future situations, and thereby modifying behavior determined by procedural memory. |
| 546 ## - NOTA DE IDIOMA [R] |
| Nota de idioma [NR] |
Texto en inglés |
| 650 #7 - ASIENTO SECUNDARIO DE MATERIA - TERMINO TEMATICO [R] |
| Término temático o nombre geográfico como elemento de entrada [NR] |
Cognición |
| 9 (RLIN) |
11099 |
| 650 #7 - ASIENTO SECUNDARIO DE MATERIA - TERMINO TEMATICO [R] |
| Término temático o nombre geográfico como elemento de entrada [NR] |
Memoria |
| 9 (RLIN) |
19277 |
| 650 #7 - ASIENTO SECUNDARIO DE MATERIA - TERMINO TEMATICO [R] |
| Término temático o nombre geográfico como elemento de entrada [NR] |
Primates |
| Subdivisión general [R] |
Aspectos psicológicos |
| 9 (RLIN) |
22277 |
| 650 #7 - ASIENTO SECUNDARIO DE MATERIA - TERMINO TEMATICO [R] |
| Término temático o nombre geográfico como elemento de entrada [NR] |
Animales |
| 9 (RLIN) |
9108 |
| Subdivisión general [R] |
Herramientas |
| 650 #7 - ASIENTO SECUNDARIO DE MATERIA - TERMINO TEMATICO [R] |
| Término temático o nombre geográfico como elemento de entrada [NR] |
Reconocimiento (Psicología) |
| 9 (RLIN) |
357 |
| 650 #7 - ASIENTO SECUNDARIO DE MATERIA - TERMINO TEMATICO [R] |
| Término temático o nombre geográfico como elemento de entrada [NR] |
Evolución (Biología) |
| 9 (RLIN) |
15360 |
| 650 #7 - ASIENTO SECUNDARIO DE MATERIA - TERMINO TEMATICO [R] |
| Término temático o nombre geográfico como elemento de entrada [NR] |
Neurociencia cognoscitiva |
| 9 (RLIN) |
20286 |
| 650 #7 - ASIENTO SECUNDARIO DE MATERIA - TERMINO TEMATICO [R] |
| Término temático o nombre geográfico como elemento de entrada [NR] |
Cerebro |
| Subdivisión general [R] |
Evolución |
| 9 (RLIN) |
53598 |
| 700 1# - ASIENTO SECUNDARIO - NOMBRE PERSONAL [R] |
| Nombre personal [NR] |
Walker, Michael J. |
| 9 (RLIN) |
93014 |
| 942 ## - ELEMENTOS DE ENTRADA AGREGADOS (KOHA) |
| Sistema de clasificación |
NLM |
| Tema principal |
Ciencias puras |
| Tipo de ítem principal el descrito en 300a |
Libro |
| Edición |
1 |
| Clasificación |
BF 311 |
| Parte restante de la signatura top. |
M285e |